Actores, espacios y debates en la historia de la esfera pública en la Ciudad de México / (Record no. 126043)
[ view plain ]
| 000 -CABECERA | |
|---|---|
| campo de control de longitud fija | 01024nam a2200229 a 4500 |
| 005 - FECHA Y HORA DE LA ÚLTIMA TRANSACCIÓN | |
| campo de control | 20230920064613.0 |
| 008 - ELEMENTOS DE LONGITUD FIJA--INFORMACIÓN GENERAL | |
| campo de control de longitud fija | 080128s2005 mx r 000 0 spa d |
| 020 ## - NÚMERO INTERNACIONAL NORMALIZADO PARA LIBROS | |
| Número Internacional Estándar del Libro | 9706841180 |
| 035 ## - NÚMERO DE CONTROL DEL SISTEMA | |
| Número de control de sistema | UPN01000153922 |
| 049 ## - COLECCIÓN | |
| Colección | CG |
| 050 #4 - SIGNATURA TOPOGRÁFICA DE LA BIBLIOTECA DEL CONGRESO | |
| Número de clasificación | F1386.2 |
| Número de documento/Ítem | S4.2 |
| 111 2# - ASIENTO PRINCIPAL--NOMBRE DE REUNION | |
| Nombre de congreso/reunión o jurisdicción como elemento de entrada | Seminario Internacional La Experiencia Institucional en la Ciudad de México : Esfera Pública y Elites Intelectuales |
| Número del congreso/reunión o número de parte o sección | (4° : |
| Fecha del congreso/reunión | 2002 : |
| Sede del congreso/Lugar de la reunión | México, D.F.) |
| 245 10 - MENCIÓN DE TÍTULO | |
| Título | Actores, espacios y debates en la historia de la esfera pública en la Ciudad de México / |
| Mención de responsabilidad, etc. | coord. Cristina Sacristán y Pablo Piccato. |
| 260 ## - PUBLICACIÓN, DISTRIBUCIÓN, ETC. | |
| Lugar de publicación, distribución, etc. | México : |
| Nombre del editor, distribuidor, etc. | UNAM, Instituto de Investigaciones Históricas : |
| -- | Instituto Mora, |
| Fecha de publicación, distribución, etc. | 2005. |
| 300 ## - DESCRIPCIÓN FÍSICA | |
| Extensión | 283 p. |
| 440 #0 - MENCIÓN DE SERIE/ASIENTO SECUNDARIO--TÍTULO | |
| Título | Historia política |
| 650 #4 - ASIENTO SECUNDARIO DE MATERIA - TERMINO TEMATICO | |
| Término de materia o nombre geográfico como elemento de entrada | POLITICA Y CULTURA - |
| Subdivisión geográfica | MEXICO - |
| Subdivisión general | HISTORIA - |
| Subdivisión de forma | CONGRESOS |
| 9 (RLIN) | 11833 |
| 651 #4 - ASIENTO SECUNDARIO DE MATERIA - NOMBRE GEOGRAFICO | |
| Nombre geográfico | Distrito Federal (México) |
| Subdivisión general | Vida intelectual |
| Subdivisión de forma | Congresos |
| 9 (RLIN) | 11830 |
| 651 #4 - ASIENTO SECUNDARIO DE MATERIA - NOMBRE GEOGRAFICO | |
| Nombre geográfico | Distrito Federal (México) |
| Subdivisión general | Vida social y costumbres |
| 9 (RLIN) | 11829 |
| 700 1# - ASIENTO SECUNDARIO--NOMBRE DE PERSONAL | |
| Nombre de persona | Sacristán, Cristina, |
| Término indicativo de función/relación | coord. |
| 905 ## - TIPO DE MATERIAL | |
| Tipo de material | Libro |
| Estado de retiro | Estado de pérdida | Fuente del sistema de clasificación o colocación | Estado dañado | No para préstamo | Código de colección | Localización permanente | Ubicación/localización actual | Ubicación en estantería | Total de préstamos | Clasificación | Código de barras | Fecha visto por última vez | Número de copia | Tipo de ítem Koha |
|---|---|---|---|---|---|---|---|---|---|---|---|---|---|---|
| Library of Congress Classification | Colección General | Bib. Gregorio Torres Quintero | Bib. Gregorio Torres Quintero | Planta baja | F1386.2 S4.2 | 316727 | 31/12/2020 | 1 | Libro | |||||
| Library of Congress Classification | Colección General | Bib. Gregorio Torres Quintero | Bib. Gregorio Torres Quintero | Planta baja | F1386.2 S4.2 | 250458 | 31/12/2020 | 1 | Libro |
